<?xml version="1.0" encoding="UTF-8"?>
<record
    xmlns:xsi="http://www.w3.org/2001/XMLSchema-instance"
    xsi:schemaLocation="http://www.loc.gov/MARC21/slim http://www.loc.gov/standards/marcxml/schema/MARC21slim.xsd"
    xmlns="http://www.loc.gov/MARC21/slim">

  <leader>00669nam a2200097Ia 4500</leader>
  <controlfield tag="008">160725s9999    xx            000 0 und d</controlfield>
  <datafield tag="100" ind1=" " ind2=" ">
    <subfield code="a">Abanil, Maria Carolina C., Adamos, Lisandro A., Di&#xF1;oso, Rommel B., Ducut, Fulgencio D., Ignacio, Aris. E. &amp; Mendoza, Rodel C. (2014, January).</subfield>
  </datafield>
  <datafield tag="245" ind1=" " ind2="2">
    <subfield code="a">A college of information technology project on the requirements analysis and development of a training management and dorm system of Eureka! Innovations and Technical Solutions Philippines, Inc. Kaizen Research Journal College of Information Technology, 1</subfield>
  </datafield>
  <datafield tag="260" ind1=" " ind2=" ">
    <subfield code="b">Kaizen Research Journal College of Information Technology</subfield>
    <subfield code="c">January 2014</subfield>
  </datafield>
  <datafield tag="650" ind1=" " ind2=" ">
    <subfield code="a">INFORMATION TECHNOLOGY</subfield>
  </datafield>
  <datafield tag="999" ind1=" " ind2=" ">
    <subfield code="c">298011</subfield>
    <subfield code="d">298011</subfield>
  </datafield>
</record>
